Entdecken sie den Weintourismus : Barcelona ist viel mehr / Barcelona ist viel mehr /
Descripción Física:
22 pàgines no numerades : il·lustracions ; 24 cm
Otros Autores:
Cano, Josep
Materias:
Enoturisme -- Barcelona (Província) -- Guies
; Barcelona (Catalunya : Província) -- Descripcions i viatges
Idioma:
Catalán
MARC
| LEADER | 00000nam a2200000 a 4500 | ||
|---|---|---|---|
| 001 | 26221 | ||
| 008 | 220711b spa||||| |||| 00| 0 cat d | ||
| 017 | |a DL B 18948-2014 | ||
| 080 | |a FU-72-11 | ||
| 245 | |a Entdecken sie den Weintourismus : |b Barcelona ist viel mehr / |c fotografien: Josep Cano [i 3 més] | ||
| 260 | |a Barcelona : |b Diputació de Barcelona, |c 2014 | ||
| 300 | |a 22 pàgines no numerades : |b il·lustracions ; |c 24 cm | ||
| 500 | |a A la portada: Barcelona ist viel mehr | ||
| 650 | 0 | |9 52923 |a Enoturisme |z Barcelona (Província) |v Guies | |
| 651 | 0 | |a Barcelona (Catalunya : Província) |x Descripcions i viatges |9 52924 | |
| 700 | |9 39063 |a Cano, Josep |e fotografies | ||
| 710 | 2 | |9 52850 |a Barcelona ist viel mehr |e marca turística | |
| 710 | 1 | |a Barcelona (Catalunya : Província). |b Diputació |9 52408 | |
| 942 | |2 udc |c ARXIU |n 1 | ||
| 952 | |0 0 |1 0 |4 0 |6 FU7211 |7 1 |9 62736 |a Arxiu |b Arxiu |d 2022-07-11 |l 0 |o FU-72-11 |p 26221 |r 2022-07-11 00:00:00 |w 2022-07-11 |y ARXIU | ||
| 999 | |c 82255 |d 82255 | ||